LEADER 01266nam 2200325Ia 450 001 996393713903316 005 20221108025851.0 035 $a(CKB)3360000000359635 035 $a(EEBO)2240872741 035 $a(OCoLC)226319877 035 $a(EXLCZ)993360000000359635 100 $a20080428f17001799 uy 0 101 0 $aeng 135 $aurbn||||a|bb| 200 14$aThe grounds of learning, or, The readiest way of all others to the true spelling, true reading and true writing of English$b[electronic resource] /$finvented by Richard Hodges, a schoolmaster dwelling in Southwark at the Middlegate within Montague-close 210 $d[17--?] 215 $a[1] p 300 $aMs. transcription of paraphrase of t.p. 300 $a"London. P. by Will. Du-gard for the author before mentioned. 1650." 300 $aReproduction of original in the British Library. 330 $aeebo-0018 606 $aTitle pages$zEngland 615 0$aTitle pages 700 $aHodges$b Richard$cSchool-Master.$0126611 801 0$bUMI 801 1$bUMI 906 $aBOOK 912 $a996393713903316 996 $aThe grounds of learning, or, The readiest way of all others to the true spelling, true reading and true writing of English$92310279 997 $aUNISA LEADER 00927nam0-2200277 --450 001 9910806400403321 005 20240226093610.0 010 $a0879691840 100 $a20240226d1985----kmuy0itay5050 ba 101 0 $aeng 102 $aUS 105 $aa 001yy 200 1 $aMolecular biology of plants$ea laboratory course manual$finstructors, Russell Malmberg, Joachim Messing, Ian Sussex$gassistants Margaret Boylan ... [et. al.] 210 $aCold Spring Harbor, N. Y.$cCold Spring Harbor Laboratory$dc1985 215 $aIII, 150 p.$cill.$d28 cm. 676 $a581.88$v19$zita 700 1$aMalmberg,$bRussell$01670836 701 1$aMessing,$bJoachim W.$01670837 701 1$aSussex,$bIan M.$065193 801 0$aIT$bUNINA$gREICAT$2UNIMARC 901 $aBK 912 $a9910806400403321 952 $aA PAT 2097$b2873/2024$fFAGBC 959 $aFAGBC 996 $aMolecular biology of plants$94032941 997 $aUNINA